000 01179nam a22003497a 4500
003 CHAP
005 20220817044431.0
008 110401s1970 mx a r 00010 spa d
010 _a100824
011 _a101796
035 _a112484
040 _cCHAP
082 0 4 _a338.19
_bAs57
245 0 0 _aAsociación de científicos alemanes :
_bla amenaza mundial del hambre
_c/editado por Jirgen Heinrichs y Otto Kreye
260 _aMadrid :
_bAlianza Editorial,
_c1970
300 _a199 p. :
_bilus., tablas
490 _aEl libro de bolsillo. Sección Humanidades
590 _aBATCH-UPD
_b10
_c20130110
_lUCH01
_h1147
590 _aBATCH-UPD
_b10
_c20130410
_lUCH01
_h0732
590 _aBATCH-UPD
_b10
_c20130914
_lUCH01
_h0223
590 _aCONVERSION
_b10
_c20130109
_lUCH01
_h1356
650 1 4 _aAlimentos
_xAbastecimiento.
650 1 4 _aHambre.
_952413
650 1 4 _aPolítica alimentaria.
_990389
700 1 _aHeinrichs, Jirgen
_953368
700 1 _aKreye, Otto
_963917
830 0 _aEl libro de bolsillo. Sección Humanidades
_936133
901 _aBK
911 _aen proceso
942 _cLIBRO
949 _a338.19 As57
_bBC
_cLIBRO
_d33724002236751
_eLIBRO
_h114564
_i112484
_sb
999 _c100824
_d100824